000 00381 a2200145 4500
005 20250619084106.0
020 _a978-0-273-73112-2
082 _a658CHR
100 _aCHRISTOPHER. M
245 _aLogistics & Supply Chain Management
250 _a4th Ed,
260 _aNew York
_bChristopher. M,
_c1992.
300 _axii, 276p,; ill, table, figure
_bIndex,
_c24cm
942 _2ddc
_cBKS
999 _c4372
_d4372